000 00677nam a22002297a 4500
003 BPGM
008 260217s1906 mx ||||| |||| 001 0 spa d
020 _a970-9765-14-0
040 _aBPGM
_bspa
041 _aspa
_hspa
082 0 4 _a1906 ,
_b384.54 /
_2A56
100 _aMERCHAN ESCALANTE, CARLOS A.
245 _a100 AÑOS DE MÉXICO EN AL UIT
300 _a251 páginas ;
_c25.3 x 30.2 cm
336 _2rdacontent
_atexto
_btxt
337 _2rdamedia
_asin mediación
_bn
338 _2rdacarrier
_avolumen
_bnc
650 _aCIENCIAS SOCIALES
650 _aCOMERCIO, COMUNICACIONES, TRANSPORTE
650 _aCOMUNICACIONES TELECOMUNICACIONES
942 _2ddc
_cGENERAL
999 _c68520
_d68520